[Event "IECC M email"]
[Site "IECC email"]
[Date "1999.06.20"]
[Round "?"]
[White "Kort, Rik"]
[Black "Bass, Stanley"]
[Result "0-1"]
[WhiteElo "1525"]
[BlackElo "1721"]
[PlyCount "94"]
[EventDate "1999.??.??"]
[EventType "tourn (corr)"]
[EventRounds "6"]
[SourceTitle "Corr 2008"]
[Source "ChessBase"]
[SourceDate "2008.06.24"]
[SourceVersion "1"]
[SourceVersionDate "2008.06.24"]
[SourceQuality "1"]

1. e4 c5 2. Nf3 Nc6 3. Nc3 e5 4. Bc4 a6 5. 0-0 b5 6. Bd5 Nge7 7. Bxc6 Nxc6 8. d3 d6 9. b3 Bg4 10. h3 Bxf3 11. Qxf3 Nd4 12. Qd1 Be7 13. Nd5 0-0 14. f4 b4 15. Bb2 Bh4 16. Bxd4 exd4 17. Qg4 Re8 18. f5 Kh8 19. Rf3 Bf6 20. Kf2 a5 21. Ke2 a4 22. Rff1 Bg5 23. f6 Bxf6 24. Nxf6 gxf6 25. Rf5 axb3 26. cxb3 Rg8 27. Qf3 Qa5 28. Rxf6 Qa3 29. Rd1 Qxa2+ 30. Rd2 Qxd2+ 31. Kxd2 Rxg2+ 32. Qxg2 Ra2+ 33. Kc1 Rxg2 34. Rxf7 Rg3 35. Kd2 Rxh3 36. Rf6 Rh2+ 37. Kc1 d5 38. e5 Re2 39. Rf5 Kg7 40. e6 Rxe6 41. Rxd5 Rc6 42. Kd2 Kg6 43. Ke2 h6 44. Kf3 Kg7 45. Kf4 Kf7 46. Kg4 Rg6+ 47. Kh5 Rg5+ 0-1